Statistics for Money Money Money - ABBA Lyrics

Click here to take the quiz!

General Stats

  • This quiz has been taken 1,851 times
  • The average score is 169 of 201

Answer Stats

HintAnswer% Correct
a
99%
i
99%
money
99%
man
97%
in
96%
rich
96%
world
96%
funny
94%
mans
94%
the
94%
be
93%
all
91%
it
91%
must
90%
hav
89%
to
89%
if
88%
day
84%
had
84%
have
84%
little
84%
me
84%
work
84%
night
83%
pay
83%
and
82%
bill
82%
do
82%
my
82%
sad
81%
could
80%
go
80%
that
80%
things
80%
alway
79%
aint
78%
bad
78%
for
78%
sunny
77%
too
77%
wealthy
76%
dreams
75%
thats
75%
at
74%
plan
74%
never
73%
its
72%
wouldnt
71%
is
70%
las
70%
left
70%
ball
69%
penny
69%
vegas
69%
got
68%
single
68%
there
67%
around
66%
so
66%
but
65%
find
65%
get
65%
monaco
65%
or
65%
seems
65%
always
64%
id
64%
he
63%
life
63%
same
63%
bet
62%
hard
62%
mind
62%
like
61%
still
61%
cant
60%
will
60%
fool
59%
him
59%
off
59%
game
58%
fortune
57%
leave
57%
win
57%
fancy
54%
free
54%
ill
51%
happens
50%

Score Distribution

Percentile by Number Answered

Percent of People with Each Score

Your Score History

You have not taken this quiz